Southville International School and Colleges
Your cart is empty.
  • Cart
  • Lists
    Public lists Eva Luna New books Lux_list list_1
    Your lists Log in to create your own lists
  • Log in to your account
  • Your cookies
  • Search history
Southville International School and Colleges
  • Advanced search
  • Recent comments
  • Most popular
  • Libraries

Log in to your account

Log in with GOOGLE


If you do not have an external account, but do have a local account, you can still log in:

  1. Home
  2. MARC view: Record keeping in psychotherapy and counseling :
Normal view MARC view ISBD view

Record keeping in psychotherapy and counseling : (Record no. 117941)

[ view plain ]
MARC details
000 -LEADER
fixed length control field 00740nam a2200217Ia 4500
008 - FIXED-LENGTH DATA ELEMENTS--GENERAL INFORMATION
fixed length control field 140609s9999 xx 000 0 und d
020 ## - INTERNATIONAL STANDARD BOOK NUMBER
International Standard Book Number 9780415892612
050 ## - LIBRARY OF CONGRESS CALL NUMBER
Classification number RC 455.2.M38
Item number .L84 2012
100 ## - MAIN ENTRY--PERSONAL NAME
Personal name Luepker, Ellen T.
245 ## - TITLE STATEMENT
Title Record keeping in psychotherapy and counseling :
Remainder of title protecting confidentiality and the professional relationship /
Statement of responsibility, etc Ellen T. Luepker
250 ## - EDITION STATEMENT
Edition statement 2nd ed.
260 ## - PUBLICATION, DISTRIBUTION, ETC. (IMPRINT)
Place of publication, distribution, etc New York, NY :
Name of publisher, distributor, etc Routledge,
Date of publication, distribution, etc c2012.
300 ## - PHYSICAL DESCRIPTION
Extent 306 p. :
Other physical details ill. ;
Dimensions 23 cm.
Accompanying material + 1 CD-ROM (4 3/4 in).
500 ## - GENERAL NOTE
General note Includes bibliographical references, appendices and index.
521 ## - TARGET AUDIENCE NOTE
Target audience note
650 ## - SUBJECT ADDED ENTRY--TOPICAL TERM
Topical term or geographic name as entry element Applied psychology.
650 ## - SUBJECT ADDED ENTRY--TOPICAL TERM
Topical term or geographic name as entry element Counseling.
650 ## - SUBJECT ADDED ENTRY--TOPICAL TERM
Topical term or geographic name as entry element Mental health.
942 ## - ADDED ENTRY ELEMENTS (KOHA)
Call number prefix Foreign
Koha item type Books
Holdings
Withdrawn status Lost status Damaged status Home library Current library Shelving location Date acquired Cost, normal purchase price Total Checkouts Total Renewals Full call number Barcode Date last seen Date checked out Price effective from Koha item type
      College Library College Library Reserve Section 06/09/2014 3154.00 6 1 RC 455.2.M38 .L84 2012 C18229 04/10/2025 03/24/2025 06/09/2014 Books

Record keeping in psychotherapy and counseling :

APA

Luepker E. T., . (2012). Record keeping in psychotherapy and counseling. New York, NY: Routledge.

Chicago

Luepker Ellen T, . 2012. Record keeping in psychotherapy and counseling. New York, NY: Routledge.

Harvard

Luepker E. T., . (2012). Record keeping in psychotherapy and counseling. New York, NY: Routledge.

MLA

Luepker Ellen T, . Record keeping in psychotherapy and counseling. New York, NY: Routledge. 2012.

  • Place hold
  • Print
  • Cite
  • Add to your cart (remove)
  • Save record
    BIBTEX Dublin Core MARCXML MARC (non-Unicode/MARC-8) MARC (Unicode/UTF-8) MARC (Unicode/UTF-8, Standard) MODS (XML) RIS
  • More searches
    Search for this title in:
    Other Libraries (WorldCat) Other Databases (Google Scholar) Online Stores (Bookfinder.com) Open Library (openlibrary.org)

Exporting to Dublin Core...

SOUTHVILLE LIBRARY

Southville International School and Colleges Library

1281 Tropical Ave. Cor. Luxembourg St., BF Homes International, Las Pinas City

Tel. No. 8256374 / 252358 Loc. 117/146

Powered by Koha